Pays en 4 lettres - Statistiques

Statistiques générales
  • Ce quiz a été pris 358 fois
    357 depuis la dernière actualisation
  • Le résultat moyen est 6 sur 8
Statistiques - réponses
Population Pays % Correct
1,45MD Inde
90%
46,04M Irak
73%
91,57M Iran
73%
9,51M Togo
72%
24,48M Mali
67%
10,98M Cuba
64%
7,77M Laos
63%
5,28M Oman
55%
Aucun quiz correspondant
Distribution des résultats
% des personnes avec chaque résultat
Percentile par nombre de réponses
Votre historique - résultats
Vous n’avez pas pris ce quiz depuis la dernière actualisation